000
00255nam a22001097a 4500
041
_a
ENG
245
_a
India Journey Of A Nation
260
_a
India
_b
India Journey Of a Nation
_c
2008
300
_a
141
650
_a
Dictionary
856
_u
Dictionary ( 28 )
999
_c
2289
_d
2289